000 00661nab a2200193 4500
001 244442
003 OSt
005 20250423082945.0
007 tu
008 200917s2020|||||||
040 _aDE-2950
_cDE-2950
245 0 0 _aNeues Forscher-Camp am Helenesee eröffnet
_bJugendangebot. Nachdem man den Platz im Schlaubetal räumen musste, steht jetzt das neue Lager am Helenesee. Der Weg war emotional und kräftezehrend/
_cLisa Discher
264 _c2024
653 _aFrankfurt (Oder)
653 _aForscher-Camp
653 _a"Einsteinchchen"
773 0 _g36. Jahrgang (2025) Nr. 90 vom 16.04.2025, S. 13 mit Foto
_tMärkische Oderzeitung
942 _2z
_cA
999 _c373727
_d373727